Educación de adultos en América Latina (Record no. 4310)
[ view plain ]
| 000 -LEADER | |
|---|---|
| campo de control de longitud fija | 01399nmc a2200361 a 4500 |
| 003 - IDENTIFICADOR DE NÚMERO DE CONTROL | |
| campo de control | AR-BaBNM |
| 005 - FECHA Y HORA DE LA ÚLTIMA TRANSACCIÓN | |
| campo de control | 20251128203639.0 |
| 008 - DATOS DE LONGITUD FIJA--INFORMACIÓN GENERAL | |
| campo de control de longitud fija | 237019s1983 ||||||||||||||000 | spa|| |
| 040 ## - FUENTE DE CATALOGACIÓN | |
| Centro/agencia transcriptor | AR-BaBNM |
| 100 1# - ENTRADA PRINCIPAL--NOMBRE DE PERSONA | |
| Nombre de persona | Picón Espinoza, César |
| 245 10 - MENCIÓN DEL TÍTULO | |
| Título | Educación de adultos en América Latina |
| Resto del título | una visión situacional y estratégica |
| 260 ## - PUBLICACIÓN, DISTRIBUCIÓN, ETC. | |
| Lugar de publicación, distribución, etc. | Pátzcuaro |
| Nombre del editor, distribuidor, etc. | CREFAL |
| Fecha de publicación, distribución, etc. | 1983 |
| 300 0# - DESCRIPCIÓN FÍSICA | |
| Extensión | 443 p. |
| 490 #0 - MENCIÓN DE SERIE | |
| Mención de serie | Retablo de papel |
| Designación de volumen o secuencia | v. 9 |
| 500 0# - NOTA GENERAL | |
| Nota general | CREFAL: Centro Regional de Educación de Adultos y Alfabetización Funcional para América Latina |
| 500 0# - NOTA GENERAL | |
| Nota general | PREDE-OEA: Programa Regional de Desarrollo Educativo de la Organización de Estados Americanos |
| 500 0# - NOTA GENERAL | |
| Nota general | CIID: Centro Internacional de Investigaciones para el Desarrollo |
| 500 0# - NOTA GENERAL | |
| Nota general | FLACSO: Facultad Latinoamericana de Ciencias Sociales |
| 500 0# - NOTA GENERAL | |
| Nota general | Contiene una síntesis situacional de la educación de adultos |
| 504 ## - NOTA DE BIBLIOGRAFÍA, ETC. | |
| Nota de bibliografía, etc. Nota | Bibliografía: p. 432-443 |
| 650 #4 - PUNTO DE ACCESO ADICIONAL DE MATERIA--TÉRMINO DE MATERIA | |
| Término de materia o nombre geográfico como elemento de entrada | EDUCACION DE ADULTOS |
| 650 #4 - PUNTO DE ACCESO ADICIONAL DE MATERIA--TÉRMINO DE MATERIA | |
| Término de materia o nombre geográfico como elemento de entrada | ALFABETIZACION |
| 650 #4 - PUNTO DE ACCESO ADICIONAL DE MATERIA--TÉRMINO DE MATERIA | |
| Término de materia o nombre geográfico como elemento de entrada | PROGRAMAS DE POSTALFABETIZACION |
| 650 #4 - PUNTO DE ACCESO ADICIONAL DE MATERIA--TÉRMINO DE MATERIA | |
| Término de materia o nombre geográfico como elemento de entrada | DIFERENCIACION CULTURAL |
| 650 #4 - PUNTO DE ACCESO ADICIONAL DE MATERIA--TÉRMINO DE MATERIA | |
| Término de materia o nombre geográfico como elemento de entrada | DIFERENCIACION SOCIAL |
| 650 #4 - PUNTO DE ACCESO ADICIONAL DE MATERIA--TÉRMINO DE MATERIA | |
| Término de materia o nombre geográfico como elemento de entrada | ABORIGENES |
| 651 #4 - PUNTO DE ACCESO ADICIONAL DE MATERIA--NOMBRE GEOGRÁFICO | |
| Nombre geográfico | América Latina |
| 653 #0 - TÉRMINO DE INDIZACIÓN--NO CONTROLADO | |
| Término no controlado | INVESTIGACION EDUCATIVA |
| 710 2# - ENTRADA AGREGADA--NOMBRE DE ENTIDAD CORPORATIVA | |
| Nombre de entidad corporativa o nombre de jurisdicción como elemento de entrada | Organización de Estados Americanos |
| 9 (RLIN) | OEA |
| 710 2# - ENTRADA AGREGADA--NOMBRE DE ENTIDAD CORPORATIVA | |
| Nombre de entidad corporativa o nombre de jurisdicción como elemento de entrada | Centro de Cooperación Regional para la Educación de los Adultos |
| 9 (RLIN) | CREFAL |
| 942 ## - ELEMENTOS DE ENTRADA SECUNDARIOS (KOHA) | |
| Tipo de ítem Koha | Libros |
| 998 ## - INFORMACIÓN DE CONTROL LOCAL (RLIN) | |
| Iniciales del catalogador, CIN (RLIN) | SILVI |
| Estatus retirado | Estado de pérdida | Fuente de la clasificación o esquema de estantería | Estado de daño | Restricciones de uso | No para préstamo | Biblioteca de origen | Biblioteca actual | Fecha de adquisición | Total de préstamos | Signatura topográfica completa | Código de barras | Visto por última vez | Precio de reemplazo | Tipo de ítem Koha |
|---|---|---|---|---|---|---|---|---|---|---|---|---|---|---|
| Clasificación Decimal Dewey | Acceso restringido | No para préstamo | Liberty | Liberty | 28/11/2025 | 374.7 PICO | 063683 | 28/11/2025 | 28/11/2025 | Libros |